000 01588cam a2200301Ii 4500
001 1028050649
003 OCoLC
005 20210311164134.0
008 180309s2018 miua b 000 0 eng d
020 _a9780825443244
020 _a0825443245
020 _a9780825476457
020 _a0825476453
035 _a(OCoLC)1028050649
_z(OCoLC)1007037709
_z(OCoLC)1125017005
040 _aMSV
_beng
_erda
_cMSV
_dYDX
_dBCT
_dOCLCF
_dOCLCQ
_dKTS
_dIDJ
_dPTS
_dA6T
_dEXN
049 _aEXNs
100 1 _aChou, Abner,
_eauthor.
245 1 4 _aThe hermeneutics of the biblical writers :
_blearning to interpret scripture from the prophets and apostles /
_cAbner Chou.
260 _aGrand Rapids, Michigan :
_bKregel Academic,
_c[2018]
300 _a251 pages :
_bIllustrations ;
_c23 cm.
336 _atext
_btxt
_2rdacontent.
337 _aunmediated
_bn
_2rdamedia.
338 _avolume
_bnc
_2rdacarrier.
504 _aIncludes bibliographical references (pages 233-251)
505 0 _aThe quest for authorial logic -- Groundwork for the quest: presuppositions and method -- The prophetic hermeneutic: the prophet as exegete and theologian -- The prophetic hermeneutic: did the prophets speak better than they knew, or better than we give them credit for? -- The apostolic hermeneutic: continuity with the prophets -- The apostolic hermeneutic: the theological fabric of the New Testament -- The Christian hermeneutic: reading as they read and intended -- Scripture's sophistication, first theologians, and the hermeneutics of surrender.
630 0 0 _aBible
_xHermeneutics.
942 _2lcc
_cBK
999 _c49529
_d49529